| 000 | 00415nam a22001697a 4500 | ||
|---|---|---|---|
| 003 | MPLRDC | ||
| 005 | 20220104172713.0 | ||
| 008 | 210129b ||||| |||| 00| 0 eng d | ||
| 082 | _a805.13 THO | ||
| 100 | _aTHOMSON ELT | ||
| 245 |
_aTHE HEINLE PICTURE DICTIONARY _c |
||
| 250 | _a1-4130-0553-5 | ||
| 260 |
_a美国 _bTHOMSON _c2005 |
||
| 300 | _b293 | ||
| 650 | _a英国语言字典 | ||
| 942 |
_cBK _o805.13 THO |
||
| 999 |
_c59080 _d59070 |
||